[Event "Challenge"]
[Site "http://www.queenalice.com/game.php?id=165644"]
[Date "2007.2.8"]
[Round "-"]
[White "gdk2001ca"]
[Black "CaptainJester"]
[Result "1-0"]
[WhiteElo "1500"]
[BlackElo "1489"]

1. e4 e5 2. Nf3 Nc6 3. Bb5 d6 4. Nc3 Nf6 5. d4 Bd7 6. dxe5 Nxe5 7. Nxe5 dxe5 8.
Bxd7+ Qxd7 9. Qxd7+ Nxd7 10. O-O Bd6 11. Nb5 O-O 12. Rd1 Nc5 13. f3 Rfd8 14. Be3
a6 15. Nxc7 Bxc7 16. Bxc5 h6 17. a4 Rac8 18. b4 Rxd1+ 19. Rxd1 Ba5 20. Rd5 Bc7
21. a5 Rd8 22. c4 Rxd5 23. exd5 1-0

[Event "Challenge"]
[Site "http://www.queenalice.com/game.php?id=168420"]
[Date "2007.2.14"]
[Round "-"]
[White "rrainey22"]
[Black "gdk2001ca"]
[Result "0-1"]
[WhiteElo "1639"]
[BlackElo "1630"]

1. e4 c5 2. e5 Nc6 3. f4 d6 4. exd6 Qxd6 5. Ne2 Bg4 6. h3 Bxe2 7. Qxe2 Qxf4 8.
Kd1 Nd4 9. Qe3 Qxe3 10. dxe3 Nf5 11. Bb5+ Kd8 12. Re1 Kc7 13. e4 Rd8+ 14. Ke2
Nd4+ 15. Kf1 Nxb5 16. Bf4+ Kc8 17. c4 Nd4 18. Na3 a6 19. Rad1 Nf6 20. Be5 Nh5
21. Re3 f6 22. Bh2 g5 23. g4 Nf4 24. Bxf4 gxf4 25. Red3 e5 26. Nc2 h5 27. Nxd4
Rxd4 28. Rxd4 cxd4 29. Kg2 hxg4 30. hxg4 Rh4 31. Rh1 Rxg4+ 32. Kf3 Rg3+ 33. Kf2
Be7 34. Rh8+ Kc7 35. Rh7 Kd7 36. Rh8 d3 37. Rh1 Re3 38. Re1 Bc5 39. Rxe3 Bxe3+
40. Ke1 f3 41. b4 f2+ 42. Kf1 d2 43. Ke2 f1=Q+ 44. Kxf1 d1=Q+ 45. Kg2 Qg4+ 46.
Kf1 Qg1+ 47. Ke2 Qf2+ 48. Kd3 Qd2# 0-1

[Event "Challenge"]
[Site "http://www.queenalice.com/game.php?id=168538"]
[Date "2007.2.14"]
[Round "-"]
[White "pepeillo"]
[Black "gdk2001ca"]
[Result "0-1"]
[WhiteElo "1494"]
[BlackElo "1736"]

1. e4 c5 2. Nc3 Nc6 3. Bc4 Ne5 4. Qe2 d6 5. h3 Nf6 6. d3 Nxc4 7. dxc4 g6 8. b3
Bg7 9. Bd2 O-O 10. Nf3 Be6 11. O-O Nh5 12. Ng5 Qd7 13. Nxe6 Qxe6 14. Rad1 Bd4
15. Nd5 Qd7 16. Qf3 Nf6 17. Bg5 Nxd5 18. cxd5 f5 19. exf5 Rxf5 20. Bf4 Be5 21.
g3 Bxf4 22. gxf4 Raf8 23. Qg4 Qe8 24. Rde1 Rxf4 25. Qe2 R8f7 26. Qe6 Rf6 27. Qe2
Qd7 28. c4 Qxh3 29. f4 Rxf4 30. Rxf4 Qg3+ 31. Kh1 Qxf4 32. Kg1 Rf5 33. Qe6+ Rf7
34. Rf1 Qxf1+ 0-1

[Event "Challenge"]
[Site "http://www.queenalice.com/game.php?id=169038"]
[Date "2007.2.15"]
[Round "-"]
[White "defconn4"]
[Black "gdk2001ca"]
[Result "1-0"]
[WhiteElo "1994"]
[BlackElo "1790"]

1. d4 d5 2. c4 Nf6 3. cxd5 Nxd5 4. e4 Nb6 5. Nf3 Bg4 6. Be2 e6 7. O-O Be7 8. Nc3
O-O 9. Be3 Bxf3 10. Bxf3 Nc4 11. Qb3 Nxe3 12. fxe3 b6 13. e5 c6 14. Rad1 Qc7 15.
Rf2 Na6 16. a3 Rad8 17. Rc2 Nb8 18. Ne4 Nd7 19. Rf2 c5 20. Rc2 Qb8 21. Qd3 Nxe5
22. Qf1 Nxf3+ 23. Qxf3 cxd4 24. exd4 Rd5 25. Nc3 Rf5 26. Qe4 Rh5 27. g4 Rh4 28.
Rd3 Qc8 29. Rg3 f5 30. Qe2 Qd7 31. Rd2 f4 32. Rgd3 Bg5 33. Qf3 Qe7 34. Rf2 Qe8
35. d5 exd5 36. Qxd5+ Qf7 37. Qxg5 Qf6 38. Qxf6 Rxf6 39. h3 Rf8 40. Nd5 g5 41.
Ne7+ Kh8 42. Nf5 1-0

[Event "Challenge"]
[Site "http://www.queenalice.com/game.php?id=171154"]
[Date "2007.2.19"]
[Round "-"]
[White "CaptainJester"]
[Black "gdk2001ca"]
[Result "0-1"]
[WhiteElo "1519"]
[BlackElo "1764"]

1. e4 c5 2. Nf3 Nc6 3. Bd3 d6 4. O-O Bg4 5. Be2 g6 6. Nc3 Bg7 7. Ng5 Bxe2 8.
Qxe2 Nf6 9. d3 Nd4 10. Qd1 O-O 11. Nd5 Nxd5 12. exd5 Qd7 13. c3 Nb5 14. a4 Nc7
15. c4 Qf5 16. g4 Qd7 17. Qf3 f6 18. Ne4 f5 19. gxf5 Qxf5 20. Qxf5 Rxf5 21. Ng3
Rf3 22. Ra3 Bd4 23. Ne2 Be5 24. Kg2 Raf8 25. Ng1 R3f5 26. Nh3 e6 27. Bh6 Bg7 28.
Bxg7 Kxg7 29. dxe6 Nxe6 30. a5 b6 31. axb6 axb6 32. Ra7+ R8f7 33. Rxf7+ Kxf7 34.
b4 g5 35. bxc5 bxc5 36. Kg3 h5 37. f3 g4 38. Ng1 Nf4 39. fxg4 Ne2+ 40. Kg2 Rxf1
41. Kxf1 Nxg1 42. Kxg1 hxg4 43. Kf2 Kf6 44. Kg3 Kg5 45. Kg2 Kh4 46. Kf2 Kh3 47.
Kg1 g3 48. hxg3 Kxg3 49. Kf1 Kf3 0-1

[Event "Challenge"]
[Site "http://www.queenalice.com/game.php?id=175248"]
[Date "2007.2.28"]
[Round "-"]
[White "yalokin"]
[Black "gdk2001ca"]
[Result "0-1"]
[WhiteElo "1780"]
[BlackElo "1761"]

1. d4 d5 2. c4 Nf6 3. Nc3 dxc4 4. Qa4+ Nc6 5. e3 Bd7 6. Qxc4 e6 7. a3 Bd6 8. g3
Na5 9. Qd3 Bc6 10. e4 e5 11. d5 Bd7 12. Nb5 b6 13. Bg2 O-O 14. Ne2 Ng4 15. O-O
Qf6 16. Bh3 Qg6 17. Bd2 Nxf2 18. Rxf2 Bxh3 19. Bxa5 bxa5 20. Qc3 Qxe4 21. Qf3
Qxf3 22. Rxf3 Bc5+ 23. Kh1 Bg4 24. Rc3 Bb6 25. Re1 Rac8 26. Nc1 a6 27. Rc4 Bf3#
0-1

[Event "Challenge"]
[Site "http://www.queenalice.com/game.php?id=175638"]
[Date "2007.3.1"]
[Round "-"]
[White "rupam"]
[Black "gdk2001ca"]
[Result "0-1"]
[WhiteElo "1478"]
[BlackElo "1750"]

1. c3 e5 2. Nf3 Nc6 3. e3 d5 4. Be2 Nf6 5. O-O Bd6 6. d4 e4 7. Nfd2 O-O 8. b3
Ne7 9. c4 c5 10. cxd5 cxd4 11. exd4 Nexd5 12. Nc4 Qc7 13. g3 a6 14. Qc2 b5 15.
Nca3 Qe7 16. Re1 Bb4 17. Rd1 e3 18. Bf3 exf2+ 19. Qxf2 Bg4 20. Nc2 Bxf3 21. Qxf3
Ba5 22. a3 Qe4 23. Qxe4 Nxe4 24. b4 Bb6 25. Rd3 Rfc8 26. Ra2 Nec3 27. Nxc3 Nxc3
28. Ra1 Ne2+ 29. Kg2 Rxc2 30. Be3 Nf4+ 0-1

[Event "Challenge"]
[Site "http://www.queenalice.com/game.php?id=175845"]
[Date "2007.3.1"]
[Round "-"]
[White "rrenato"]
[Black "gdk2001ca"]
[Result "0-1"]
[WhiteElo "1662"]
[BlackElo "1699"]

1. e4 e5 2. Bc4 Nf6 3. Nc3 Bb4 4. Nf3 Bxc3 5. dxc3 d6 6. Bg5 Qe7 7. Qd2 Be6 8.
Bb3 Bxb3 9. axb3 Qe6 10. Qd3 O-O 11. O-O Nbd7 12. b4 c5 13. Qb5 b6 14. Rad1 Nxe4
15. Rfe1 Ndf6 16. h3 Nxg5 17. Nxg5 Qe7 18. Qc6 Rfd8 19. f4 Nh5 20. Qe4 g6 21.
Rf1 Ng3 22. Qf3 Nxf1 23. Rxf1 exf4 24. Qxf4 Rd7 25. Qh4 f5 26. Re1 Qd8 27. Re6
Re7 28. Rf6 Re1+ 29. Kf2 Re7 30. Ne6 Rxe6 0-1

[Event "Challenge"]
[Site "http://www.queenalice.com/game.php?id=176536"]
[Date "2007.3.3"]
[Round "-"]
[White "SuperMouse"]
[Black "gdk2001ca"]
[Result "1-0"]
[WhiteElo "1570"]
[BlackElo "1765"]

1. e4 c5 2. Nf3 Nc6 3. Bc4 Na5 4. d3 Nxc4 5. dxc4 g6 6. Nc3 Bg7 7. Bf4 Qa5 8.
Qd2 d6 9. O-O Nf6 10. Rfe1 Nh5 11. e5 Nxf4 12. Qxf4 dxe5 13. Nxe5 O-O 14. Nd5
Qd8 15. Rad1 Bxe5 16. Rxe5 Kh8 17. Rxe7 Be6 18. Qe5+ f6 19. Qxe6 Qc8 20. Nxf6
Qxe6 21. Rxh7# 1-0

[Event "Challenge"]
[Site "http://www.queenalice.com/game.php?id=182870"]
[Date "2007.3.16"]
[Round "-"]
[White "rrenato"]
[Black "gdk2001ca"]
[Result "0-1"]
[WhiteElo "1662"]
[BlackElo "1793"]

1. e4 e5 2. Nf3 Nc6 3. Bc4 h6 4. d4 Bd6 5. O-O Nf6 6. Nc3 O-O 7. Re1 Re8 8. d5
Na5 9. b3 c6 10. dxc6 dxc6 11. Be3 Nxc4 12. bxc4 Bg4 13. h3 Bh5 14. a4 Bb4 15.
Bd2 Qa5 16. Nb1 Rad8 17. c3 Bc5 18. g4 Bg6 19. Qe2 Nxe4 20. Qf1 Bxf2+ 21. Kg2
Bxe1 22. Qxe1 Nxd2 23. Nfxd2 e4 24. Nf1 Qc5 25. Ne3 f5 26. Nd2 f4 27. Nb3 Qxe3
0-1

[Event "Challenge"]
[Site "http://www.queenalice.com/game.php?id=183077"]
[Date "2007.3.16"]
[Round "-"]
[White "gdk2001ca"]
[Black "SuperMouse"]
[Result "0-1"]
[WhiteElo "1827"]
[BlackElo "1706"]

1. e4 c6 2. d4 d5 3. e5 Bf5 4. Bd3 Bxd3 5. Qxd3 e6 6. Nf3 Nd7 7. Ng5 h6 8. Nf3
c5 9. c3 cxd4 10. cxd4 Bb4+ 11. Bd2 Qa5 12. O-O Rc8 13. a3 Bxd2 14. Nfxd2 f6 15.
Qg6+ Kf8 16. b4 Qb6 17. Nf3 fxe5 18. dxe5 Ne7 19. Qg3 g5 20. h4 Nf5 21. Qh3 gxh4
22. Nxh4 Nxh4 23. Qxh4 Nxe5 24. Qf6+ Nf7 25. Nd2 Qd8 26. Qxe6 h5 27. Nf3 h4 28.
Qf5 Rc6 29. Ng5 Rf6 30. Nh7+ Kg7 31. Nxf6 Qxf6 32. Qxd5 h3 33. gxh3 Rxh3 34.
Qg2+ Ng5 35. Ra2 Kh6 36. f4 Qd4+ 37. Rff2 Nf3+ 38. Kf1 Qd1# 0-1

[Event "Challenge"]
[Site "http://www.queenalice.com/game.php?id=183364"]
[Date "2007.3.17"]
[Round "-"]
[White "rupam"]
[Black "gdk2001ca"]
[Result "1/2-1/2"]
[WhiteElo "1510"]
[BlackElo "1829"]

1. e3 e5 2. d3 d5 3. c3 Nf6 4. Nd2 Bf5 5. Qa4+ c6 6. e4 b5 7. Qb3 dxe4 8. dxe4
Nxe4 9. Ne2 Bc5 10. Nxe4 Bxe4 11. Ng3 Bd5 12. Qd1 O-O 13. b4 Bb6 14. f3 Qf6 15.
Be2 Rd8 16. Qc2 Re8 17. Bd2 Qh4 18. O-O-O e4 19. fxe4 Bxe4 20. Nxe4 Qxe4 21. Bf3
Qe6 22. Rhe1 Qc8 23. h4 Rxe1 24. Rxe1 Nd7 25. g4 Nf6 26. g5 Nd5 27. Be4 g6 28.
h5 Qc7 29. hxg6 fxg6 30. Bxd5+ cxd5 31. Qd3 Qc4 32. Qxc4 dxc4 33. Re5 a6 34. Re6
Bc7 35. Rc6 Be5 36. Kc2 Bg7 37. Be3 a5 38. bxa5 Rxa5 39. Kb2 Ra4 40. Bd4 Ra8
1/2-1/2

[Event "Challenge"]
[Site "http://www.queenalice.com/game.php?id=185753"]
[Date "2007.3.21"]
[Round "-"]
[White "gdk2001ca"]
[Black "CaptainJester"]
[Result "1-0"]
[WhiteElo "1812"]
[BlackElo "1673"]

1. e4 e5 2. Nf3 d6 3. Nc3 Nf6 4. Bc4 Bg4 5. Be2 Be7 6. d4 Bxf3 7. Bxf3 exd4 8.
Qxd4 Nc6 9. Qd1 O-O 10. O-O a6 11. Be3 Ne5 12. Be2 b5 13. a3 a5 14. Bxb5 Nfg4
15. Bf4 c6 16. Be2 Nf6 17. Bg3 Qb6 18. Rb1 c5 19. Nd5 Nxd5 20. Qxd5 Ng6 21. Bd3
Rfd8 22. Qh5 Bf6 23. b3 Bd4 24. Kh1 Ne5 25. Bxe5 Bxe5 26. f4 g6 27. Qg5 Bg7 28.
f5 h6 29. Qg4 d5 30. fxg6 fxg6 31. exd5 Kh8 32. Bxg6 1-0

[Event "Challenge"]
[Site "http://www.queenalice.com/game.php?id=192727"]
[Date "2007.4.6"]
[Round "-"]
[White "CaptainJester"]
[Black "gdk2001ca"]
[Result "0-1"]
[WhiteElo "1681"]
[BlackElo "1816"]

1. e4 e5 2. Nf3 Nc6 3. Bc4 h6 4. d4 exd4 5. Nxd4 Ne5 6. Bd3 d6 7. O-O Nf6 8. Nc3
d5 9. exd5 Nxd5 10. Nxd5 Qxd5 11. Nb5 Qc6 12. Bf4 Qc5 13. Qe2 Bd6 14. Nxd6+ cxd6
15. Bb5+ Bd7 16. Bxd7+ Kxd7 17. Rad1 Rae8 18. Bxe5 Qxe5 19. Qf3 Kc8 20. Qxf7 g5
21. b3 Qe6 22. Qf3 g4 23. Qc3+ Kb8 24. Rfe1 Qg6 25. Rxe8+ Rxe8 26. Qb4 Rd8 27.
Qc3 h5 28. h3 gxh3 29. Qxh3 Qxc2 30. Rd5 Qc1+ 31. Kh2 Qf4+ 32. Qg3 Qxg3+ 33.
Kxg3 Kc7 34. Rxh5 d5 35. f4 d4 36. Rh1 Kd6 37. Rd1 Kd5 38. Kf3 Re8 39. f5 Re4
40. g4 Ke5 41. Rf1 Rf4+ 42. Ke2 d3+ 0-1

[Event "Challenge"]
[Site "http://www.queenalice.com/game.php?id=193144"]
[Date "2007.4.6"]
[Round "-"]
[White "SuperMouse"]
[Black "gdk2001ca"]
[Result "0-1"]
[WhiteElo "1729"]
[BlackElo "1798"]

1. d4 d5 2. c4 dxc4 3. e4 Nc6 4. Nf3 Bg4 5. h3 Bxf3 6. gxf3 Qxd4 7. Nd2 c3 8.
bxc3 Qxc3 9. Rb1 O-O-O 10. Rg1 Nd4 11. Bb2 Nc2+ 12. Ke2 Qd3# 0-1

[Event "Challenge"]
[Site "http://www.queenalice.com/game.php?id=195768"]
[Date "2007.4.12"]
[Round "-"]
[White "SuperMouse"]
[Black "gdk2001ca"]
[Result "0-1"]
[WhiteElo "1713"]
[BlackElo "1814"]

1. d4 Nf6 2. c4 d5 3. cxd5 Qxd5 4. Nc3 Qd8 5. e4 e6 6. Nf3 Bb4 7. Bg5 Be7 8. h3
O-O 9. Bc4 Nfd7 10. Bxe7 Qxe7 11. e5 Nb6 12. Qb3 Nxc4 13. Qxc4 c6 14. a4 b6 15.
h4 Ba6 16. Qb3 Nd7 17. g4 c5 18. d5 c4 19. Qc2 Nc5 20. d6 Qd7 21. h5 Qc6 22. Ke2
Nb3 23. Rad1 Bb7 24. Rh3 f6 25. g5 fxe5 26. Ne4 Qxe4+ 27. Qxe4 Bxe4 28. Nxe5 Bd5
29. Rh4 Rf5 30. f4 Rd8 31. d7 Nc5 32. g6 h6 33. Rd4 Nxd7 34. Nxc4 Bxc4+ 35. Rxc4
Nc5 36. Ke3 Rd3+ 37. Ke2 Rb3 38. Rd4 Rxb2+ 39. Ke3 Rb3+ 40. Ke2 a5 41. Rd6 Rb4
42. Rd8+ Rf8 43. Rxf8+ Kxf8 0-1

[Event "Challenge"]
[Site "http://www.queenalice.com/game.php?id=196111"]
[Date "2007.4.13"]
[Round "-"]
[White "corinthians2"]
[Black "gdk2001ca"]
[Result "1-0"]
[WhiteElo "2124"]
[BlackElo "1848"]

1. e4 e5 2. Nf3 Nc6 3. Bb5 d6 4. d4 exd4 5. Qxd4 Bd7 6. Bxc6 Bxc6 7. Bg5 Nf6 8.
Nc3 Be7 9. O-O-O O-O 10. Rhe1 Ng4 11. Bxe7 Qxe7 12. Nd5 Bxd5 13. exd5 Qd7 14.
Re2 Rfe8 15. Rxe8+ Rxe8 16. h3 Nf6 17. Qxa7 Qb5 18. a4 Qb4 19. Qd4 Qa5 20. b3 b5
21. axb5 Qxb5 22. Qa4 Qxa4 23. bxa4 Ra8 24. Rd4 Ra5 25. Rb4 Kf8 26. c4 Ne4 27.
Kb2 Nxf2 28. Ka3 Nd3 29. Rb8+ Ke7 30. Nd4 Kd7 31. Nc6 1-0

[Event "Challenge"]
[Site "http://www.queenalice.com/game.php?id=199577"]
[Date "2007.4.20"]
[Round "-"]
[White "gdk2001ca"]
[Black "CaptainJester"]
[Result "1-0"]
[WhiteElo "1828"]
[BlackElo "1654"]

1. d4 Nf6 2. c4 d5 3. e3 e6 4. c5 b6 5. b4 Be7 6. Nf3 O-O 7. Nc3 a6 8. Bd3 Nc6
9. a3 b5 10. O-O g6 11. e4 dxe4 12. Bxe4 Nxe4 13. Nxe4 Bf6 14. Nxf6+ Qxf6 15.
Qd2 Qg7 16. Bb2 f6 17. Rfe1 Bd7 18. d5 exd5 19. Qxd5+ Rf7 20. Ng5 Rd8 21. Nxf7
Qxf7 22. Qxf7+ Kxf7 23. Rad1 Be6 24. Rxd8 Nxd8 25. f4 Bf5 26. h3 g5 27. fxg5
fxg5 28. Rf1 1-0

[Event "Game 3"]
[Site "http://www.queenalice.com/game.php?id=200040"]
[Date "2007.4.20"]
[Round "-"]
[White "defconn4"]
[Black "gdk2001ca"]
[Result "1/2-1/2"]
[WhiteElo "2086"]
[BlackElo "1837"]

1. Nf3 d5 2. d4 e6 3. g3 Nf6 4. Bg2 c5 5. O-O Nc6 6. c3 c4 7. Bf4 Bd6 8. Bxd6
Qxd6 9. Nbd2 O-O 10. e4 dxe4 11. Nxc4 Qd5 12. Ne3 Qb5 13. Nd2 Qxb2 14. Qc1 Qxc1
15. Raxc1 Bd7 16. Nxe4 Nxe4 17. Bxe4 Na5 18. Rb1 Rab8 19. c4 f5 20. Bf3 f4 21.
Ng4 fxg3 22. fxg3 Nxc4 23. Rxb7 Rxb7 24. Bxb7 Rb8 25. Bg2 Rb2 26. Rc1 Rb4 27.
Ne5 Nxe5 28. dxe5 Ra4 29. Rc7 Bb5 30. Bh3 Ra6 31. Bg4 1/2-1/2